000 01625nam0a2200385 4500
001 RU\NLR\bibl\1770897
005 20260408211732.0
010 _a978-5-389-00573-0
_94000
021 _aRU
_b2011-31156
_92215
021 _aRU
_b2012-8976
_9666
035 _a(NLR Aleph) 001761679
090 _a1582256
_c1582256
100 _a20110520d2011 u y0rusy50 ca
101 1 _arus
_ceng
102 _aRU
105 _aac |||||||||
200 1 _aЧерный лебедь
_dThe black swan
_eпод знаком непредсказуемости
_fНассим Николас Талеб
_g[пер. с англ. В. Сонькина и др. под ред. М. Тюнькиной]
_zeng
210 _aМосква [и др.]
_cКоЛибри [и др.]
_d2011
215 _a525, [1] с.
_cил., портр.
_d22
300 _aАвт. также на англ. яз.: Nassim Nicholas Taleb
320 _aБиблиогр. в конце кн. и в подстроч. примеч.
510 0 _6z22790
_aThe black swan
_zeng
606 1 _aПрогнозирование экономическое
_92094245
_3RU\NLR\AUTH\661267266
606 _aСобытие (социол.)
_92356187
_3RU\NLR\AUTH\6601629957
686 _aУ23(0)038
686 1 _aС5в
686 1 _aУ010в
700 1 _4070
_7ca
_8rus
_aТалеб
_bН. Н.
_f1960-
_gНассим Николас
_991341
_3RU\NLR\auth\77108416
790 1 _4070
_7ba
_8eng
_aTaleb
_bN. N.
_f1960-
_gNassim Nicholas
_991343
_3RU\NLR\auth\77108418
801 0 _aRU
_bNLR
_c20110520
_gRCR
801 1 _aRU
_bNLR
_c20110520
942 _cBOOK
980 _aNB